000 00455nam a2200157 4500
003 OSt
008 240702b |||||||| |||| 00| 0 eng d
020 _a9781404115040
082 _a158.1
_bTRF
100 _aTRACY, Brian
245 _aFocal Point: A proven system to simplify your life, double your productivity, and achieve all your goals
260 _aNew York
_bHarper Colllins
_c2002
300 _axii, 222 p.
650 _aGeneral
942 _2ddc
_cBK
999 _c12743
_d12743